Paroles - Jeanne MAS En rouge et noir - Statistiques

Statistiques générales
  • Ce quiz a été pris 74 fois
  • Le résultat moyen est 206 sur 338
Statistiques - réponses
Réponse % Correct
en
96%
En
96%
Et
94%
et
94%
Je
94%
je
94%
rouge
94%
ma
92%
noir,
92%
noir
92%
de
87%
le
87%
peau
87%
peu
87%
que
85%
mon
81%
les
79%
me
79%
ces
77%
haut
75%
J'irai
75%
mes
75%
Mes
75%
peur
75%
plus
75%
se
75%
douleur
74%
la
74%
montagnes
74%
à
72%
su
72%
j'ai
62%
J'ai
62%
faiblesses
58%
Si
58%
si
58%
sur
58%
Tout
58%
eu
57%
qu'elles
57%
des
55%
j'exilerai
55%
Toutes
55%
connais,
51%
tellement
51%
un
51%
voudrais
49%
fois
47%
J'aurais
47%
j'aurais
47%
jolie
47%
l'on
47%
Qui
47%
qui
47%
au
45%
d'un
45%
luttes
45%
m'avait
45%
s'arrêtent
45%
moins
43%
serais
43%
commis
42%
conseillée
42%
d'erreurs
42%
couleur
40%
devenue
40%
douceur
40%
par
40%
tendresse
40%
joues
36%
l'abri
34%
rassurer
34%
trop
34%
Trop
34%
chaud
32%
échange
32%
lèvres
32%
mis
32%
suis
32%
vent
32%
dans
30%
blottie
28%
chaque
28%
cœur
28%
fier
28%
pas
28%
tant
28%
réclame
26%
innocence
25%
ne
23%
serait
23%
soigné
23%
trêve
23%
différent
21%
froids
21%
j'afficherai
21%
jouer,
21%
poussière
21%
réduisaient
21%
souvent
21%
colères
19%
d'air
19%
d'hivers
19%
d'une
19%
longtemps
19%
n'ai
19%
yeux
19%
autre
17%
châteaux
17%
grandes
17%
manquais
17%
perdue
17%
visage
17%
aucun
15%
blessée
15%
calmer
15%
construit
15%
d'indifférence
15%
forêts
15%
n'avaient
15%
nuit
15%
renie
15%
respiré
15%
sable
15%
seule
15%
vous
15%
chose
13%
drapeau
13%
maquillent
13%
noms
13%
présent
13%
prononcé
13%
veulent
13%
deuxième
11%
jouerai
11%
mieux
11%
rôle,
11%
veux
11%
premier
9%
raté
9%
mensonges
8%
s'achève
8%
tuaient
8%
couru
6%
pardonner
6%
Somnambule
0%
Aucun quiz correspondant
Distribution des résultats
% des personnes avec chaque résultat
Percentile par nombre de réponses
Votre historique - résultats
Vous n’avez pas pris ce quiz